Play Production Today (Record no. 609141)

000 -LEADER
fixed length control field 00354nam a22001337a 4500
020 ## - INTERNATIONAL STANDARD BOOK NUMBER
International Standard Book Number 0844257753
040 ## - CATALOGING SOURCE
Transcribing agency Nust
082 ## - DEWEY DECIMAL CLASSIFICATION NUMBER
Edition number Fifth Edition
Classification number 792.0222
Author Mark MOB
100 ## - MAIN ENTRY--PERSONAL NAME
Personal name Mobley Jonniepat
9 (RLIN) 79587
245 ## - TITLE STATEMENT
Title Play Production Today
260 ## - PUBLICATION, DISTRIBUTION, ETC.
Place of publication, distribution, etc. USA:
Name of publisher, distributor, etc. National Textbook Company,
Date of publication, distribution, etc. 1996.
650 ## - SUBJECT ADDED ENTRY--TOPICAL TERM
Topical term or geographic name entry element Play Production Today
9 (RLIN) 122687
942 ## - ADDED ENTRY ELEMENTS (KOHA)
Source of classification or shelving scheme
Koha item type Book
Holdings
Withdrawn status Lost status Source of classification or shelving scheme Damaged status Not for loan Permanent Location Current Location Shelving location Date acquired Total Checkouts Full call number Barcode Date last seen Price effective from Koha item type
          College of Electrical & Mechanical Engineering (CEME) College of Electrical & Mechanical Engineering (CEME) General Stacks 05/16/2024   792.0222 MOB CEME- 40444 05/16/2024 05/16/2024 Book
© 2023 Central Library, National University of Sciences and Technology. All Rights Reserved.